MDQL
is popping MORE tags! Check the
thread
!
Quizzes
Events
Quiz Creation
Community
Videos
Private Events
Remove Ads
Sign In
Join for FREE
Feedback
Dark Mode
Quiz Categories
Sports
Geography
Music
Movies
Television
Just For Fun
Miscellaneous
History
Literature
Language
Science
Gaming
Entertainment
Religion
Holiday
For Kids
Quiz Lab
Recent
Popular Today
Quiz Kudos Today
Editor Picks
Curator Picks
Quizzes by...
Day
Popularity
Type
Ratings
Length
Year
Community
Subscriptions
Recent Discussions
Orange Saloon
Badges
Playlists
Quests
Create
Leaderboards
Showdown
Live 5
Trivia Bingo
Activity
Puzzle Library
Sporcle Events
Private Events
Virtual Trivia
Globe League
Become a Host
Pub Owners
SporcleCon
Opinionation
Our Games
Videos
Blog
Mobile Apps
Partnerships
Remove Ads and Go Orange
Feedback
Music
Pop Music
The Beatles
Song
Album
Lyrics
Bands
Singers
Artist
Clip
Rock
Rap
Classical
Billboard
Country Music
Kpop
Taylor Swift
Music
Pop Music
The Beatles
Song
Album
Lyrics
Bands
Singers
Artist
Clip
Rock
Rap
Classical
Billboard
Country Music
Kpop
Taylor Swift
Random Quiz
Search Sporcle
×
Quiz Lab
Quiz Lab
Music
Ever
Type in answers that appear in a list
Type in answers that appear in a list
Classic
Best Score? Go Orange.
VIBE's Best Rapper Ever Stats
Can you name the best rapper ever?
By
nweldon
15m
128 Questions
946 Plays
946 Plays
946 Plays
Comments
Comments
Give Quiz Kudos
Give Quiz Kudos
-
- Ratings
hide this ad
Replay
Link that replays current quiz
Next Quiz
Link to next quiz in quiz playlist
You Got
0%
They Got
Avg Score
30%
Avg Friend Score
Upgrade to see
Score Distribution
Jump to the score distribution portion of the page
Score
0/128
Timer
15:00
0
Plays Today
Round Eliminated
Rapper
% Correct
Best Rapper Ever
Eminem
93.7%
Final Four
The Notorious B.I.G.
93.4%
Runner-
Up
Tupac
92.9%
Final Four
Jay-Z
90%
Sweet 16
Lil Wayne
80%
Elite Eight
Snoop Dogg
77.8%
Elite Eight
Nas
76.6%
Sweet 16
Ice Cube
74.3%
3
Kanye West
70.4%
2
50 Cent
68.9%
3
Method Man
60.3%
Elite Eight
Rakim
59.1%
3
Eazy-E
58.7%
Sweet 16
Andre 3000
57%
3
LL Cool J
54.3%
3
Redman
54.2%
3
T.I.
52.1%
2
Ice-T
51.6%
Sweet 16
DMX
50.4%
Sweet 16
Ghostface Killah
49.8%
1
RZA
49.3%
2
GZA
47.8%
3
Ludacris
47.8%
Sweet 16
Big Punisher
47.8%
2
Raekwon
47.6%
1
Fat Joe
47.3%
Elite Eight
KRS-One
46.6%
2
Lil Kim
46.3%
3
Rev Run
46.3%
2
Ol' Dirty Bastard
45%
1
Big L
44.5%
3
Busta Rhymes
44.5%
2
Common
44.2%
2
Big Boi
43.9%
3
Slick Rick
43.2%
1
The Game
42%
1
Mac Dre
39%
2
DMC
38.9%
Sweet 16
Big Daddy Kane
38.9%
2
Mos Def
37%
3
Q-Tip
36.7%
3
Chuck D
36.3%
1
Nelly
36.2%
Round Eliminated
Rapper
% Correct
1
Young Jeezy
36.2%
1
MC Ren
35.8%
Sweet 16
Scarface
35.3%
1
Rick Ross
34.1%
2
Bun B
33.5%
1
Ja Rule
33.2%
1
Talib Kweli
32.8%
2
Will Smith
31.6%
2
Jadakiss
31.6%
2
Prodigy
31.2%
1
MC Hammer
30.5%
3
Lauryn Hill
30.3%
2
Xzibit
29.2%
1
Queen Latifah
29%
3
Mase
28.8%
1
Kid Cudi
28.6%
1
Pimp C
28.1%
1
AZ
27.9%
1
Kurupt
27.8%
2
Missy Elliott
27.6%
1
Spoonie G
26.7%
3
Kool G Rap
25.9%
1
Pusha T
25.2%
1
Canibus
24.9%
2
Twista
24.9%
1
The D.O.C.
23.9%
2
MC Lyte
23.9%
2
Kool Moe Dee
23.8%
2
Cam'Ron
23.2%
1
Bizzy Bone
23%
2
Black Thought
22.8%
1
Foxy Brown
22.1%
3
Too Short
21.6%
2
Fabolous
21.4%
2
Grandmaster Melle Mel
21.1%
1
Heavy D
20.2%
1
Guru
19.9%
1
Chamillionaire
19.6%
1
Eve
19.5%
2
Juvenile
19.3%
1
Grandmaster Caz
19%
2
E-40
18.9%
1
Joe Budden
18.7%
Round Eliminated
Rapper
% Correct
1
MF Doom
18.2%
1
Biz Markie
17.5%
1
Schooly D
17.3%
1
B-Real
16%
1
Kurtis Blow
15.6%
1
Masta Ace
15.6%
2
Kool Keith
15.2%
2
Treach
15.1%
1
Doug E. Fresh
14.7%
2
Trick Daddy
14.4%
1
Bow Wow
14.2%
1
MC Eiht
13.6%
1
MC Shan
12.9%
1
Pharoahe Monch
12.8%
1
Freeway
12.8%
1
Plies
12.3%
1
Del the Funky Homosapien
12.3%
1
8 Ball
12.2%
2
DJ Quik
12.2%
2
Cee-Lo
11.4%
1
Project Pat
11.2%
1
N.O.R.E.
11.1%
2
Posdnuos
11%
1
Buckshot
10.8%
1
C.L. Smooth
10.8%
1
Keith Murray
10.7%
2
Beanie Siegel
10.6%
1
PMD
10.5%
1
Dres
9.3%
1
B.G.
9.1%
1
Cowboy
8.8%
1
Mystikal
8.6%
1
Trina
8%
1
Spice-1
7.7%
1
Chubb Rock
7.1%
1
Devin the Dude
7%
1
Ras Kass
6.3%
1
Big Gipp
6%
1
Trugoy
5.5%
1
Just-Ice
4.7%
1
Grand Puba
3.6%
1
Boots Riley
3%
Quiz Playlist
Details
Report
Send in Message
Add To Playlist
Classic:
Type in answers that appear in a list
Quiz Source
Last Updated: Feb 16, 2017
Quiz Scoreboard
CHALLENGE
Sign Up to Join the Scoreboard
Show All
Scores
Hide
Comments
May contain spoilers
Recently Published
1-10 Letter E Words III
by El_Dandy
Language
2m
Street Fighter Characters
by Artimus82
Gaming
60s
College Basketball Coaching Resumes
by pancakes188
Sports
9m
More to Explore
Quiz From the Vault
Featured Blog Post
Where Did the Easter Bunny Come From?
hide this ad
You Might Also Like...
Tags
Eliminated
Ever
Rapper
round
Today's Top Quizzes in Music
Browse Music
hide this ad
Today's Top Quizzes in Ever
Browse Ever
Top Contributed Quizzes in Music
1
Taylor Swift All Songs (2024)
2
Taylor Swift Logic Puzzle
3
Guess the Artist- 70s Songs
4
7-to-1: Billboard Hot 100 #1 Hits of 2010s
5
Sorting Albums and Songs
6
KPOP LOGIC QUIZ
7
Billboard Blitz: Aretha Franklin
8
Guess the Taylor Swift song (Mystery Song)
9
Guess The Taylor Swift Lyrics Song #1
10
Billboard Blitz: ABBA
Explore More
Trending Topics
Kpop
Disney
Harry Potter
NBA
Anime
Marvel
Crossword
Pokémon
Country
Song
Puzzle
WWE
Soccer
NFL
The Office
hide this ad
More By:
nweldon
Quiz
Plays
Rating
Category
Featured
Created
VIBE's Best Rapper Ever
946
3.60
Music
Nov 6, 2009
Highest-Paid NBA Players
742
5.00
Sports
Nov 6, 2009
Jay-Z Studio Albums
171
5.00
Music
Nov 6, 2009
Go to Creator's Profile
Score Distribution
Quiz Creator Spotlight
nweldon
Follow
Send a Message
Quizzes Created
-
Created Quiz Play Count
-
More By This Creator
Popular Quizzes Today
1
Find the US States - No Outlines Minefield
2
Find the Countries of Europe - No Outlines Minefield
3
Find the US States
4
The Countries of the World
5
Risky Map Clicking: Biggest States A-Z
6
US States
7
Popular People in 1961
8
Movies - When Are They Set?
More Music Quizzes
The 3rd Thing You Need to Know: Bands
Published
Trending Quizzes
Risky Map Clicking: Least Populous States A-Z
1-10 Letter G Words
Countries of the World: 200 Million BC
1-10 Letter F Words
Risky Map Clicking: Next State Alphabetically
Recently Updated
Rides in Walt Disney World
pecheneg
Most Oscar Losses (Acting)
pecheneg
Beyoncé Albums
pecheneg
Leaping Animals
pecheneg
Reality TV Shows (A-Z)
bhenderson79
Rickey Henderson's Hall of Fame Teammates
pecheneg
Champions League XIs: Arsenal
pecheneg
Quick Pick: Celebrities in WWE's Hall of Fame
aduchscher
A-Z Keypad Blitz II
pecheneg
Trending Topics
Kpop
NBA
Disney
Marvel
Harry Potter
Anime
Crossword
WWE
Country
NFL
Puzzle
Song
Soccer
The Office
Pokémon
Your Account Isn't Verified!
In order to create a playlist on Sporcle, you need to verify the email address you used during registration. Go to your
Sporcle Settings
to finish the process.
Report this User
Report this user for behavior that violates our
Community Guidelines
.
Details:
Send Report
Go to the Sporcle.com Mobile Site →
Comments